000 00611nam a2200229Ia 4500
005 20250508164742.0
008 008 250505s9999 xx 000 0 eng d
020 _a978-0-415-40418-1
037 _aTextual
040 _aFEDL
_beng
_cFEDL
041 _aeng
_2eng
084 _a371.914, DUP
_qFEDL
100 _aDu Pre Liz
_9779075
245 0 _aDyslexia at college
250 _a3
260 _aLondon, UK
_bRoutledge
_c2008
300 _axv,331p.
365 _aGBP
_b23.99
700 _a Gilroy Dorothy Miles Tim
_9779076
942 _cTEXL
_h371.914, DUP
999 _c1390925
_d1390925